Desarrollo de nuevos procesos tecnológicos para la obtención de extractos vegetales secos con propiedades biofarmacéuticas mejoradas : trabajo de tesis para optar al grado de Doctor en Ciencias Químicas /
Guardado en:
| Otros Autores: | , , |
|---|---|
| Formato: | Manuscrito |
| Idioma: | Spanish |
| Publicado: |
Córdoba, Argentina.
2013 ;
|
| Materias: | |
| Etiquetas: |
Agregar Etiqueta
Sin Etiquetas, Sea el primero en etiquetar este registro!
|
| LEADER | 01397ntm a22002415a 4500 | ||
|---|---|---|---|
| 001 | EIQ.libpla004405 | ||
| 008 | 130703s2013####ag#######bm###000#0#spa#d | ||
| 005 | 20130703160319.0 | ||
| 245 | 1 | 0 | |a Desarrollo de nuevos procesos tecnológicos para la obtención de extractos vegetales secos con propiedades biofarmacéuticas mejoradas : |b trabajo de tesis para optar al grado de Doctor en Ciencias Químicas / |c Loreana Carolina Gallo. |
| 260 | |c 2013 ; |a Córdoba, Argentina. | ||
| 300 | |a ix, 197 p. : |b il., fotografías ; |c 30 cm. | ||
| 500 | |a doctorado cooperativo. | ||
| 502 | |a Tesis (doctorado)--Universidad Nacional de Córdoba. Departamento de Ciencias Químicas, 2013. | ||
| 502 | |a Tesis (doctorado)--Universidad Nacional del Sur. Departamento de Ingeniería Química, 2013. | ||
| 500 | |a Directores de tesis: Dr. Daniel Allemandi y Dra. Verónica Bucalá. | ||
| 504 | |a Incluye referencias bibliográficas. | ||
| 100 | 1 | |a Gallo, Loreana Carolina. |4 dis | |
| 700 | 1 | |a Allemandi, Daniel. |4 ths | |
| 700 | 1 | |a Bucalá, Verónica. |4 ths | |
| 710 | 2 | |a Universidad Nacional del Sur. |4 dgg | |
| 650 | 7 | |a Fitomedicamentos |x Extracto vegetal medicinal seco |x Secado por atomizacíón |x Liberación modificada |x Diseño factorial de experimentos | |
| 650 | 7 | |a Phytomedicines |x Dry medicinal plant extract |x Spray drying |x Modified release |x Factorial design experiments | |
| 859 | |a AR-BbSID |b BIB. PLAPIQUI |h 615.4 |i G137 |p 6288 | ||
